| 000 | 00638nam a22002297a 4500 | ||
|---|---|---|---|
| 005 | 20251108165407.0 | ||
| 008 | 250721s1977 xx 000 0 ara d | ||
| 082 | 1 | 4 | _aم/924.117/ولي |
| 100 | 1 | _aالأعظمي، وليد | |
| 245 | 1 | 0 | _aتراجم خطاطي بغداد المعاصرين / |
| 264 | 1 |
_aبيروت : _bدار القلم، _c1977. |
|
| 300 | _aج | ||
| 650 | 1 | 7 | _aالخطاطون |
| 650 | 1 | 7 | _aالعرب |
| 650 | 1 | 7 | _aالتراجم |
| 650 | 1 | 7 | _aالخط العربي |
| 650 | 1 | 7 | _aاللغة العربية |
| 650 | 1 | 7 | _aالتاريخ |
| 650 | 1 | 7 | _aالعراق |
| 942 |
_2ddc _cREF |
||
| 999 |
_c26858 _d26858 |
||